000 00310nam a2200133Ia 4500
005 20260328101457.0
008 260328s9999||||xx |||||||||||||| ||und||
100 _aCampo, Cristian
245 0 _aPlastic /
_cCristian Campo
260 _bCollins
300 _a335 p.
650 _aDISEÑO INDUSTRIAL
942 _cBK
999 _c8847
_d8847